|
|
|
|
| LEADER |
01205nam a22003134a 4500 |
| 001 |
28878 |
| 003 |
BD-DhAAL |
| 005 |
20150214141409.0 |
| 008 |
150214s2010 bg b bs 000 0 eng |
| 010 |
|
|
|a 2010319171
|
| 020 |
|
|
|a 9789848815229
|
| 040 |
|
|
|a DLC
|c DLC
|d DLC
|d BD-DhAAL
|
| 050 |
0 |
0 |
|a QC903.2.B353
|b I85 2010
|
| 082 |
|
|
|2 22
|a 363.7387495492
|
| 100 |
1 |
|
|a Islam, Tawhidul.
|9 8354
|
| 245 |
1 |
0 |
|a Climate change in Bangladesh :
|b a closer look into temperature and rainfall data /
|c Tawhidul Islam, Ananta Neelim.
|
| 260 |
|
|
|a Dhaka :
|b University Press,
|c 2010.
|
| 300 |
|
|
|a viii, 80 p. :
|b col. maps ;
|c 25 cm.
|
| 500 |
|
|
|a Chiefly statistical tables.
|
| 504 |
|
|
|a Includes bibliographical references (p. 78-80).
|
| 541 |
|
|
|e 28878
|
| 650 |
0 |
0 |
|a Climatic changes
|z Bangladesh.
|9 8355
|
| 650 |
0 |
0 |
|a Climatic changes
|z Bangladesh
|v Statistics.
|9 8356
|
| 650 |
|
0 |
|a Rain and rainfall
|z Bangladesh.
|9 8357
|
| 650 |
|
0 |
|a Rain and rainfall
|z Bangladesh
|v Statistics.
|9 8358
|
| 700 |
1 |
|
|a Neelim, Ananta.
|9 8359
|
| 942 |
|
|
|2 ddc
|c BK
|
| 999 |
|
|
|c 33685
|d 33685
|
| 952 |
|
|
|0 0
|1 0
|2 ddc
|4 0
|6 363_738749549200000_ISL
|7 0
|9 52615
|a C3ER
|b C3ER
|c GEN
|d 2015-02-14
|l 0
|o 363.7387495492 ISL
|p 3010028878
|r 2015-02-14
|t 1
|w 2015-02-14
|y BK
|